000 00366nam a22001217a 4500
008 230608b xxu||||| |||| 00| 0 eng d
082 _a572.967
_bTHU
100 _cRichard C. Thurnwald
245 _aBlack and White in East Africa
_bThe Fabric of a New Civilization
260 _aLondon
_bGeorge Routledge and Sons, Limited
_c1935
300 _aXIII,419p
942 _2ddc
_cBK
999 _c835
_d835